| 000 | 00471cam a22001934a 4500 | ||
|---|---|---|---|
| 005 | 20250605164255.0 | ||
| 008 | 250528s ||||||||||||||||||||||||d | ||
| 035 | _a21899 | ||
| 020 | _a9781403942364 | ||
| 040 |
_aGR-AtMCL _bgre _dGR-AtMCL _eAACR2 |
||
| 245 | 1 | _aTHE PRINCIPLES OF WRITING IN PSYCHOLOGY | |
| 250 | _a1 | ||
| 260 |
_bPalgrave Macmillan, _c2004 |
||
| 300 | _a366 | ||
| 700 | 1 |
_aSmyth T.R _97788 |
|
| 942 | _cBK | ||
| 999 |
_c6956 _d6956 |
||